000 00513nam a2200193Ia 4500
005 20250923145702.0
008 008 250917s9999 xx 000 0 eng d
037 _aTextual
040 _aDSWL
_beng
_cDSWL
041 _aeng
_2eng
084 _aL:54, N73
_qDSWL
245 0 _aHow not to kill yourself
_c by Doctor Family
260 _aLondon
_bGeorge Allen
_c1973
300 _a206 p.
365 _aGBP
_b3.75
925 _g3.75
942 _cTEXL
_hL:54, N73
999 _c1454349
_d1454349